Größte Städte der Welt nach Buchstabe - F - Statistiken

Allgemein
  • Dieses Quiz wurde 156 mal gespielt
  • Das Durchschnittsergebnis liegt bei 5 aus 10
Antwortstatistiken
Einwohner Land Stadt % Korrekt
3.30 Mio. Deutschland Frankfurt am Main
99%
1.38 Mio. Sierra Leone Freetown
76%
1.35 Mio. Marokko Fes
67%
3.575 Mio. Brasilien Fortaleza
50%
2.825 Mio. Japan Fukuoka
43%
4.05 Mio. Pakistan Faisalabad
37%
4.65 Mio. China Fuzhou
31%
1.00 Mio. USA Fresno
24%
1.17 Mio. Brasilien Florianópolis
18%
1.35 Mio. China Fuyang
7%
Keine übereinstimmenden Quizze gefunden
Verteilung der Resultate
Anzahl Personen mit jedem Resultat
Perzentil nach korrekt beantworteten Fragen
Ihre Resultats-Entwicklung
Sie haben dieses Quiz noch nicht gespielt